| 000 | 00853na a2200289 4500 | ||
|---|---|---|---|
| 001 | 15371 | ||
| 003 | MIRAKIL | ||
| 005 | 20181213155203.0 | ||
| 008 | 161101b tu 000 0 | ||
| 020 | _a9754948941 | ||
| 035 | _a15371 | ||
| 040 |
_aMilas _btur _cTR-AnCHP |
||
| 041 | _atur | ||
| 082 |
_a320.9561 _bA61b 2000 |
||
| 090 | _a320.9561 A61b 2000 | ||
| 100 |
_aArcayürek, Cüneyt _d1928- |
||
| 245 |
_aBekleyen adamın gerçekleşen düşü _cCüneyt Arcayürek |
||
| 250 | _a2. bs. | ||
| 260 |
_aAnkara _bBilgi Yayınevi _c2000 |
||
| 300 |
_a473 s. _c20 sm. |
||
| 490 |
_aCüneyt Arcayürek Anlatıyor _v4 |
||
| 490 |
_aBilgi yayınları/bilgi dizisi _v33 |
||
| 600 |
_aDemirel, Süleyman _c1924-2015 _xSiyaset ve yönetim |
||
| 650 |
_aSiyasal tarih _zTürkiye |
||
| 651 |
_aTürkiye _xSiyaset ve yönetim _y1990- |
||
| 942 |
_2ddc _cBKS |
||
| 999 |
_c8205 _d8205 |
||